000 003880000a22001450004500
001 004339
003 MACL
040 _aMACL
090 _c16332
_d16331
100 _aShastri, J.L.
245 _aAncient IndianTradition & Mythology Volume 23 Part 1
_bThe Brahmanda Purana Part 2
_cJ.L. Shastri
260 _aMotilal Banarsidass Publishers,
_c2002
650 _aReligion
942 _k295
_cBook
999 _c16230
_d16230